Červená Lhota : Festung und Schloss /

Main Author: Jirásko, Luděk, 1948-
Other Authors: Herrmannová, Margit, 1921-2003, Knechtel, Anna, Palán, Oto, 1964-, Posselt, Milan, 1942-, Zieschang, Peter
Language: German
Published: Prag : Helma :Oswald, 1996
Physical Description: 39 s., [24] s. il. a genealogické tab. : barev. il. ; 26 cm
Book
Saved in:
LEADER 01713nam a2200445 a 4500
001 000063635
003 CZ BrMZK
005 20211110142406.0
007 ta
008 020707s1996 xr a e 0 ger d
015 |a cnb000119003 
020 |a 80-901875-5-2  |q (Helma ;  |q brož.)  |z 80-85433-30-3 
035 |a (OCoLC)36508400 
040 |a BOA001  |b cze 
041 1 |a ger  |h cze 
043 |a e-xr---  |b e-xr-jc  |2 czenas 
072 7 |a 72  |x Architektura  |2 Konspekt  |9 21 
080 |a 728.82  |2 MRF 
080 |a (437.319)  |2 MRF 
080 |a (041)  |2 MRF 
100 1 |a Jirásko, Luděk,  |d 1948-  |7 jk01051852  |4 aut 
240 1 0 |a Červená Lhota.  |l Německy 
245 1 0 |a Červená Lhota :  |b Festung und Schloss /  |c Luděk Jirásko ; Fotografie Milan Posselt und Oto Palán ; Übersetzung Peter Zieschang, Margit Herrmannová, Anna Knechtel] 
260 |a Prag :  |b Helma :  |b Oswald,  |c 1996 
300 |a 39 s., [24] s. il. a genealogické tab. :  |b barev. il. ;  |c 26 cm 
500 |a Chronologický přehl. 
610 2 7 |a Červená Lhota (zámek)  |7 ko2002101767  |2 czenas 
650 0 7 |a zámky  |7 ph127734  |z Česko  |2 czenas 
650 0 7 |a zámky  |7 ph127734  |x dějiny  |2 czenas 
651 7 |a Červená Lhota (Pluhův Žďár, Česko)  |7 ge128687  |2 czenas 
655 7 |a brožury  |7 fd131925  |2 czenas 
700 1 |a Herrmannová, Margit,  |d 1921-2003  |7 jx20040720096  |4 trl 
700 1 |a Knechtel, Anna  |4 trl 
700 1 |a Palán, Oto,  |d 1964-  |7 jx20031130077  |4 pht 
700 1 |a Posselt, Milan,  |d 1942-  |7 jx20040217017  |4 pht 
700 1 |a Zieschang, Peter  |7 ola2004228807  |4 trl 
910 |a BOA001  |b 3-1018.567 
990 |a BK 
991 |b 200705 
996 6 |b 2610034069  |c 3-1018.567  |l MZK  |r Sklad / do 1 hodiny  |n 1  |p p.v.  |w 000063635  |u 000010  |a 1  |e BOA001  |j MZK50  |s P